000 00340nam a2200133Ia 4500
005 20260328104305.0
008 260328s9999||||xx |||||||||||||| ||und||
100 _aPiaget, Jean
245 0 _aTeorías del Lenguaje, Teorias del aprendizaje /
_cJean Piaget
260 _bCrítica
300 _a423 p.
650 _aAPRENDIZAJE
942 _cBK
999 _c10722
_d10722